000 00761nam a2200169Ia 4500
008 090711s9999 xx 000 0 und d
082 _b59367
100 _aभालेराव अनंत
245 _aहैदराबादSाा स्वातंत्र्यसंग्राम आणि मराठवाडा
260 _c1987
300 _a640
600 _aभालेराव अनंत
630 _aहैदराबादSाा स्वातंत्र्यसंग्राम आणि मराठवाडा
700 _aभालेराव अनंत
730 _aहैदराबादSाा स्वातंत्र्यसंग्राम आणि मराठवाडा
942 _cBOOK
999 _c294204
_d294204